| 000 | 00942nam a2200277 4500 | ||
|---|---|---|---|
| 003 | OSt | ||
| 005 | 20240404132707.0 | ||
| 008 | 240315s2017 sp ||||f |||| 001 0 spa d | ||
| 020 | _a9788484767169 | ||
| 040 |
_erda _cCHAP |
||
| 082 | 0 | 0 |
_222 _a631.8 _bM93 |
| 100 | 1 |
_979197 _aMoya Talens, Jesus Antonio |
|
| 245 | 1 | 0 |
_aManual básico de cultivo localizado: _briego y fertilización / _cpor Jesús Antonio Moya Talens |
| 250 | _aPrimera edición | ||
| 264 | 1 |
_aEspaña: _bMundi-prensa, _c2017. |
|
| 300 |
_a638 páginas: _bIlustraciones, cuadros, gráficas, tablas |
||
| 336 |
_2rdacontent _atexto _btxt |
||
| 337 |
_2rdamedia _asin medio _bn |
||
| 338 |
_2rdacarrier _avolumen _bnc |
||
| 504 | _aIncluye índice y bibliografía | ||
| 650 | 4 |
_997374 _aRiego localizado |
|
| 650 | 4 |
_940652 _aFertirrigación |
|
| 650 | 7 |
_9110204 _aSuelos _xAnálisis |
|
| 650 | 4 |
_9169899 _aRotación de cultivos Cultivos _x Irrigación |
|
| 942 |
_2ddc _cLIBRO |
||
| 999 |
_c219814 _d219814 |
||